000 00265nam a2200121Ia 4500
008 190216s9999||||xx |||||||||||||| ||und||
100 _aSharma B.K
245 0 _aSpectroscopy
260 _bGoel Pub House
_c1981
300 _a240p
650 _aChemistry
942 _cBK
999 _c2235
_d2235